| 000 | 00460nam a2200169Ia 4500 | ||
|---|---|---|---|
| 008 | 230917s9999||||xx |||||||||||||| ||und|| | ||
| 020 | _cRS 749.00 | ||
| 040 |
_e5003411 _aMAIN |
||
| 041 | _aEnglish | ||
| 082 | _a006.31 S23D | ||
| 100 | _aSharma, Umang | ||
| 245 | 0 | _aDeep learning with tensorFlow JS projects | |
| 260 |
_aNew Delhi _bWiley India _c2022 |
||
| 300 | _axxi, 246 p. | ||
| 500 | _a4930 26/12/2022 HBD23/9623 19/01/2023 Main Budget | ||
| 942 | _cBK | ||
| 999 |
_c7859 _d7859 |
||